01589nam a22002537a 4500003000900000008004100009040007100050082002000121245007600141260003300217300004500250440003700295505077800332650001801110650001301128650001501141650002101156700002001177700001801197700002801215700001801243700002901261710004501290AR-CdUCM190605b ||||| |||| 00| 0 spa d aMUNICIPALIDAD PROVINCIAL DEL CUSCOcBIBLIOTECA MUNICIPAL DEL CUSCO aTarea/N°3/1980 aTarea :brevista de cultura /cCentro de Publicaciones Educativas Tarea aCusco.bPerú graph,c1980. a72 páginas. :bilustraciones ;c30 cm. aTarea.nN°3, diciembre de 1980. aContenido: Túpac Amaru en la historia. -- Túpac Amaru y el campesinado indígena en el contexto de la historia colonial. Jürgen Golte. -- Túpac Amaru y los conflictos en el mundo andino. Manuel Buega, Alberto Flores Galindo, Jan Szeminski. -- La memoria literaria de Túpac Amaru. Manuel J. Baquerizo. -- Clases sociales y problema nacional en el Perú entre los siglos XVII-XX. Alfredo Torero. -- Pueblos nativos de la Selva. -- Nosotros los Aguarunas. Evaristo Nugkuag. -- El mito de Inkarri y sus interpretaciones. Santiago López. -- Inocencio Mamani, su vida, su obra. Omar Aramayo. -- La poesía quechua actual en el Perú. J. Barquero. -- A nuestro padre creador Túpac Amaru. José María Arguedas. -- Campesinado y Cine nacional. Rodolfo Pereyra.  aTúpac Amaru aAmazonia aLiteratura aTradición oral aGolte, Jürgen aBuega, Manuel aFlores Galindo, Alberto aAramayo, Omar aArguedas, José María aCentro de Publicaciones Educativas Tarea